Sanjay Gandhi / (Record no. 134908)

MARC details
000 -LEADER
fixed length control field 00747nam a22002297a 4500
005 - DATE AND TIME OF LATEST TRANSACTION
control field 20170124110237.0
010 ## - LIBRARY OF CONGRESS CONTROL NUMBER
LC control number A-024217
020 ## - INTERNATIONAL STANDARD BOOK NUMBER
Terms of availability 00.00
035 ## - SYSTEM CONTROL NUMBER
System control number A-024217
037 ## - SOURCE OF ACQUISITION
Source of stock number/acquisition Cen Lib/Ret
040 ## - CATALOGING SOURCE
Original cataloging agency DPL
Language of cataloging EN
082 ## - DEWEY DECIMAL CLASSIFICATION NUMBER
Classification number 921
Item number GAN
100 ## - MAIN ENTRY--PERSONAL NAME
Personal name Gandhi, Maneka
9 (RLIN) 25218
245 ## - TITLE STATEMENT
Title Sanjay Gandhi /
Statement of responsibility, etc by Maneka Gandhi ; edited by T S Nagarajan
260 ## - PUBLICATION, DISTRIBUTION, ETC. (IMPRINT)
Place of publication, distribution, etc Bombay
Name of publisher, distributor, etc Vakils, Feffer & Simons
Date of publication, distribution, etc 1980
270 ## - ADDRESS
Address Hague Building, 9 Street Road, Ballard Estate
City Bombay
Postal code 400038
300 ## - PHYSICAL DESCRIPTION
Extent Various pagings.
Dimensions 27cm(Hb)
Other physical details ill.
650 ## - SUBJECT ADDED ENTRY--TOPICAL TERM
Topical term or geographic name as entry element Gandhi, Sanjay, -- 1946-1980 -- Portraits
9 (RLIN) 42128
650 ## - SUBJECT ADDED ENTRY--TOPICAL TERM
Topical term or geographic name as entry element Politicians -- India -- Portraits
9 (RLIN) 42129
700 ## - ADDED ENTRY--PERSONAL NAME
Personal name Nagarajan, T. S
9 (RLIN) 42130
942 ## - ADDED ENTRY ELEMENTS (KOHA)
Source of classification or shelving scheme Dewey Decimal Classification
Koha item type English Books
Classification part 921
Call number suffix GAN
Holdings
Withdrawn status Lost status Damaged status Not for loan Collection code Home library Current library Date acquired Source of acquisition Cost, normal purchase price Total Checkouts Full call number Barcode Date last seen Copy number Cost, replacement price Price effective from Koha item type
      Not For Loan Reference Central Library Central Library 31/07/2015 Cen Lib/Ret 0.00   921 GAN A-024217 31/07/2015 1 0.00 31/07/2015 English Books

© Delhi Public Library
Hit Counter
free hit counter